000 00612nam a22002052 4500
001 0000003814
005 20170406115326.0
008 140715s xx 000 0 eng d
020 _c$
040 _aYour Holding Symbol
_cYour Holding Symbol
100 1 _aTillyard E.M.W.
245 1 4 _aThe English Epic and its background /
_cE.M.W Tillyard.
250 _a ed.
260 _aLondon :
_bChatto and Windu Ltd,
_c1954.
300 _a548 p. ;
_c cm.
504 _aIncludes Index.
591 _a2005
_bDonation
_cJesuits Schoool of Philosophy
650 0 _aEnglish Literature.
908 _a140715
999 _c3667
_d3667